Dynamické procesy a ich optimalizácia

Enregistré dans:
Détails bibliographiques
Auteur principal: Mrva, Jakub (Auteur)
Autres auteurs: Bou Ezzeddine, Anna (Directeur de thèse)
Format: Manuscrit Livre
Langue:slovaque
Publié: 2018
Sujets:
Accès en ligne:http://is.stuba.sk/zp/portal_zp.pl?podrobnosti=122952
Tags: Ajouter un tag
Pas de tags, Soyez le premier à ajouter un tag!

MARC

LEADER 00000ntm a22000003a 4500
001 stuzp70294
003 SK-STU
005 20180623211700.2
007 ta
008 150427s2015----xo-----f-mn---000-0-slo-d
040 |a STU  |b slo 
041 0 |a slo 
100 1 |a Mrva, Jakub  |u 070200  |4 aut  |U FIIT Fakulta informatiky a informačných technológií  |T FIIT Ústav informatiky, informačných systémov a softvérového inžinierstva  |X 79675  |U I200  |Y 179  |7 79675 
242 0 1 |a Dynamic processes and their optimization  |y eng 
245 1 0 |a Dynamické procesy a ich optimalizácia 
260 |c 2018 
650 4 |a predikčný model  |2 slo 
650 4 |a dynamická optimalizácia  |2 slo 
650 4 |a optimalizačné metódy  |2 slo 
650 4 |a prírodou inšpirované algoritmy  |2 slo 
650 4 |a prediction model  |2 eng 
650 4 |a dynamic optimization  |2 eng 
650 4 |a optimization methods  |2 eng 
650 4 |a nature inspired algorithms  |2 eng 
700 1 |a Bou Ezzeddine, Anna  |u 070200  |k Z1  |4 ths  |U FIIT Fakulta informatiky a informačných technológií  |T FIIT Ústav informatiky, informačných systémov a softvérového inžinierstva  |X 2127  |U I200  |Y 179  |7 2127 
856 4 |u http://is.stuba.sk/zp/portal_zp.pl?podrobnosti=122952 
996 |c I*BAP5/18  |l II680  |s P  |a 0  |w stuzp70294_0001